La ciudad sitiada

Guardat en:
Dades bibliogràfiques
Autor principal: Rodríguez A, Alfredo
Format: Text
Publicat: México, D.F.: Universidad Iberoamericana. Depto. de Ciencias Sociales y Políticas
Etiquetes: Afegir etiqueta
Sense etiquetes, Sigues el primer a etiquetar aquest registre!

MARC

LEADER 00000 a a2200000 04500
001 14578
003
040
090 |a 014600  
100 |a Rodríguez A, Alfredo  
245 |a La ciudad sitiada  
260 |a México, D.F.:   |b Universidad Iberoamericana. Depto. de Ciencias Sociales y Políticas  
300 |a 15 p.  
999 |c 16905  |d 16905